Terytoria zależne Ameryki Północnej - Statystyki

Ogólne statystyki
  • Ten quiz został rozwiązany 24 razy
    23 od ostatniego zresetowania
  • Średni wynik to 8 z 20
Statystyki odpowiedzi
Odpowiedź % Poprawnych
Portoryko
77%
Curaçao
62%
Aruba
54%
Bermudy
54%
Gwadelupa
54%
Anguilla
46%
Martynika
46%
Montserrat
46%
Saint Martin
46%
Bonaire
38%
Sint Maarten
38%
Brytyjskie Wyspy Dziewicze
31%
Kajmany
31%
Saint Pierre i Miquelon
31%
Turks i Caicos
31%
Wyspy Dziewicze Stanów Zjednoczonych
31%
Grenlandia
23%
Saint Barthelemy
23%
Sint Eustatius
23%
Saba
15%
Nie znaleziono quizów pasujących do podanych kryteriów
Rozkład punktacji
Procent ludzi z każdym wynikiem
Percentyl według liczby udzielonych odpowiedzi
Twoja historia wyników
Nie rozwiązałeś tego quizu od ostatniego zresetowania